00601nam a2200169Ia 4500003000400000008004100004040001600045082001800061100003800079245011300117260008000230300001100310490000500321650002800326650003000354650004700384GCL140319s9999 xx 000 0 ara d aGCL / cGCL04a813.03bا م1 aابراهيم عبدالمجيد10a"المسافات - الصياد واليمام ""روايتان""" / cابراهيم عبدالمجيد a[S.N] : bالهيئة المصرية العامة للكتاب ، c1991 a360 ص a04aالادب العربى04aالقصص العربية04aالقصص العربية المترجمة